[Event "DEM U12 2011"]
[Site "Oberhof GER"]
[Date "2011.06.17"]
[Round "9"]
[White "Richardt, Angelina"]
[Black "Oberhofer, Marie"]
[Result "1/2-1/2"]
[Termination "normal"]
[Board "43"]
[WhiteElo "1146"]
[BlackElo "1068"]
[PlyCount "131"]
[WhiteFideId "12938149"]
[BlackFideId "12938165"]
[EventCountry "GER"]
[EventRounds "11"]
[EventType "swiss"]
[EventDate "2011.06.11"]

1. e4 e5 2. Nf3 Nc6 3. Bc4 Bc5 4. c3 Nf6 5. d3 O-O 6. Bb3 d5 7. exd5 Nxd5 8.
O-O Bg4 9. Nbd2 Re8 10. h3 Bh5 11. Re1 Nf4 12. d4 exd4 13. Rxe8+ Qxe8 14. c4
Rd8 15. Qf1 Qe6 16. Bd1 Na5 17. a3 Be7 18. b4 Nc6 19. c5 a6 20. Kh2 Bf6 21. Bb3
Qe2 22. Qxe2 Nxe2 23. Bb2 d3 24. Bxf6 gxf6 25. Re1 Ncd4 26. Nxd4 Rxd4 27. f3
Kg7 28. Rd1 Kh6 29. g4 Bg6 30. h4 Rd7 31. h5 Bxh5 32. gxh5 Kxh5 33. Ne4 Kg6 34.
Bc4 Nf4 35. Nf2 d2 36. Ne4 Rd4 37. Nxd2 Kf5 38. Bb3 Kg6 39. Ne4 Rxd1 40. Bxd1
Kf5 41. Bc2 Ke5 42. Nf2 h5 43. Nd3+ Nxd3 44. Bxd3 Kf4 45. Kh3 Kxf3 46. Kh4 Ke3
47. Bf1 Kd4 48. a4 Kc3 49. b5 a5 50. c6 bxc6 51. bxc6 Kb4 52. Bb5 Kc5 53. Kxh5
Kd5 54. Kg4 Ke4 55. Bc4 f5+ 56. Kg3 Ke3 57. Bxf7 f4+ 58. Kg2 Ke2 59. Bh5+ Ke3
60. Kf1 f3 61. Bg4 f2 62. Bh5 Kd4 63. Kxf2 Kc5 64. Bf3 Kb4 65. Bd1 Kc5 66. Bf3
1/2-1/2

[Event "DEM U12 2011"]
[Site "Oberhof GER"]
[Date "2011.06.17"]
[Round "9"]
[White "Zech, Anna"]
[Black "Torgashov, Katerina"]
[Result "0-1"]
[Termination "normal"]
[Board "44"]
[WhiteElo "957"]
[BlackElo "1043"]
[PlyCount "182"]
[WhiteFideId "12909424"]
[BlackFideId "12938173"]
[EventCountry "GER"]
[EventRounds "11"]
[EventType "swiss"]
[EventDate "2011.06.11"]

1. e4 e5 2. Nf3 Nc6 3. Bb5 a6 4. Bxc6 dxc6 5. O-O Bg4 6. h3 h5 7. d3 Bxf3 8.
Qxf3 Nf6 9. Bg5 Be7 10. Nd2 Bd6 11. Qg3 Qe7 12. Nc4 O-O-O 13. Rad1 Qe6 14. b3
Rd7 15. Rfe1 Re7 16. Qf3 Kb8 17. c3 Ree8 18. Bxf6 Qxf6 19. Qxf6 gxf6 20. d4 Rd8
21. h4 Rhg8 22. g3 Ka7 23. Ne3 c5 24. d5 b5 25. c4 b4 26. Nf5 a5 27. f3 Kb6 28.
Kf2 Ka6 29. Rg1 Kb6 30. g4 hxg4 31. fxg4 Rg6 32. Rg2 Rh8 33. h5 Rg5 34. Rh1 a4
35. h6 a3 36. h7 Ka6 37. Kf3 Kb6 38. Rgh2 Bf8 39. Nh6 Rxh7 40. Nf5 Rxh2 41.
Rxh2 Kb7 42. Rh7 Rg8 43. Rxf7 Rh8 44. Kg3 Bh6 45. Kg2 Bf4 46. Ng3 Rh6 47. Nh5
Bg5 48. Rg7 Be3 49. Ng3 Bf4 50. Rg8 Kb6 51. Rb8+ Ka7 52. Rb5 Rh4 53. Kf3 Rh3
54. Ra5+ Kb6 55. Rb5+ Ka6 56. Rxc5 Rxg3+ 57. Kf2 Be3+ 58. Kxg3 Bxc5 59. Kh4 Be3
60. Kh5 Kb6 61. Kg6 Bg5 62. Kf5 c6 63. d6 Kb7 64. c5 Kc8 65. Ke6 Kd8 66. d7 Be3
67. Kd6 Bxc5+ 68. Kxc5 Kxd7 69. Kxb4 Kd6 70. Kc4 c5 71. b4 cxb4 72. Kxb4 Kc6
73. Kc4 Kd6 74. Kb5 Ke6 75. Kc6 Kf7 76. Kd6 Kg6 77. Ke6 Kg5 78. Kf7 Kxg4 79.
Kxf6 Kf4 80. Ke6 Kxe4 81. Kf6 Kf4 82. Ke6 e4 83. Kd5 e3 84. Kc4 e2 85. Kb3 e1=Q
86. Kxa3 Qc3+ 87. Ka4 Ke5 88. a3 Kd5 89. Kb5 Qb3+ 90. Ka5 Kc5 91. a4 Qb6# 0-1

[Event "DEM U12 2011"]
[Site "Oberhof GER"]
[Date "2011.06.17"]
[Round "9"]
[White "Silber, Stefanie"]
[Black "Schmid, Katharina"]
[Result "1-0"]
[Termination "normal"]
[Board "45"]
[WhiteElo "1095"]
[BlackElo "1070"]
[PlyCount "93"]
[WhiteFideId "12918245"]
[BlackFideId "12918210"]
[EventCountry "GER"]
[EventRounds "11"]
[EventType "swiss"]
[EventDate "2011.06.11"]

1. e4 e5 2. Nf3 Nc6 3. Bc4 Nf6 4. d3 Bc5 5. h3 h6 6. Nc3 O-O 7. O-O d6 8. Nd5
Be6 9. Nxf6+ Qxf6 10. Bb3 Rad8 11. c3 d5 12. Qe2 d4 13. c4 Qg6 14. Nh4 Qf6 15.
Nf3 Be7 16. Nh2 Qg6 17. Qf3 f5 18. Qg3 Qxg3 19. fxg3 fxe4 20. dxe4 Rxf1+ 21.
Nxf1 Bf7 22. Bd2 Bg6 23. Re1 d3 24. Bc3 Bc5+ 25. Kh2 Bb4 26. a3 Bxc3 27. bxc3
d2 28. Rd1 Bxe4 29. Rxd2 Rxd2 30. Nxd2 Bd3 31. Kg1 Kf7 32. c5+ Ke7 33. Bc4 Bxc4
34. Nxc4 b6 35. cxb6 axb6 36. a4 Ke6 37. Kf2 Kd5 38. Nd2 h5 39. Ke3 g6 40. Kd3
Ne7 41. c4+ Ke6 42. g4 hxg4 43. hxg4 Kf6 44. Ne4+ Ke6 45. c5 Nd5 46. Kc4 Kd7
47. Kxd5 1-0

[Event "DEM U12 2011"]
[Site "Oberhof GER"]
[Date "2011.06.17"]
[Round "9"]
[White "Uffrecht, Luise"]
[Black "Ley, Sabrina"]
[Result "1/2-1/2"]
[Termination "normal"]
[Board "46"]
[WhiteElo "958"]
[BlackElo "1156"]
[PlyCount "74"]
[BlackFideId "12938130"]
[EventCountry "GER"]
[EventRounds "11"]
[EventType "swiss"]
[EventDate "2011.06.11"]

1. e4 e6 2. Nf3 d5 3. Bd3 dxe4 4. Bxe4 Nf6 5. Nc3 Bc5 6. d3 O-O 7. Bg5 h6 8.
Bh4 Nbd7 9. O-O Be7 10. Bg3 Nxe4 11. Nxe4 b6 12. Qe2 Bb7 13. Rfd1 Nf6 14. Nfd2
Bd6 15. Qe3 Bxg3 16. Qxg3 Nxe4 17. Nxe4 Bxe4 18. dxe4 Qf6 19. c3 c5 20. Rd7
Rfd8 21. Rad1 Rxd7 22. Rxd7 Rd8 23. Rxd8+ Qxd8 24. h3 Qd2 25. f3 Qxb2 26. Qb8+
Kh7 27. Qxa7 Qxc3 28. Qxb6 Qc1+ 29. Kh2 c4 30. Qb7 f6 31. e5 f5 32. Qc6 c3 33.
Qxe6 c2 34. Qxf5+ Kh8 35. Qf8+ Kh7 36. Qf5+ Kh8 37. Qf8+ Kh7 1/2-1/2

[Event "DEM U12 2011"]
[Site "Oberhof GER"]
[Date "2011.06.17"]
[Round "9"]
[White "Weiten, Anna"]
[Black "Boussonville, Anna"]
[Result "1/2-1/2"]
[Termination "normal"]
[Board "47"]
[WhiteElo "872"]
[BlackElo "996"]
[PlyCount "100"]
[WhiteFideId "12938203"]
[BlackFideId "12929689"]
[EventCountry "GER"]
[EventRounds "11"]
[EventType "swiss"]
[EventDate "2011.06.11"]

1. e4 e5 2. Nf3 Nc6 3. Bc4 Bc5 4. Nc3 Nf6 5. d3 h6 6. Be3 Bb6 7. Bxb6 axb6 8.
Qd2 d6 9. O-O-O Bg4 10. Qe3 Nd4 11. Rde1 Nxf3 12. gxf3 Be6 13. Bxe6 fxe6 14.
Rhg1 g5 15. h3 c5 16. a3 Qd7 17. Re2 b5 18. b4 Rxa3 19. Nb1 Ra6 20. bxc5 dxc5
21. Qxc5 Qc6 22. Qxc6+ bxc6 23. c4 bxc4 24. dxc4 Ra4 25. Rc2 Ke7 26. c5 Rb8 27.
Kd2 Ra1 28. Rcc1 Rb2+ 29. Kc3 Rb5 30. Kc4 Ra4+ 31. Kd3 Rb3+ 32. Rc3 Rxc3+ 33.
Nxc3 Ra5 34. Kc4 Kd7 35. Rb1 Kc7 36. Rb4 h5 37. Ra4 Rxa4+ 38. Nxa4 g4 39. fxg4
hxg4 40. hxg4 Nxg4 41. f3 Ne3+ 42. Kd3 Nf1 43. Ke2 Ng3+ 44. Ke3 Kb7 45. f4
exf4+ 46. Kxf4 Nh5+ 47. Ke5 Ng3 48. Kd4 Kc7 49. e5 Kd7 50. Nb6+ Ke7 1/2-1/2

[Event "DEM U12 2011"]
[Site "Oberhof GER"]
[Date "2011.06.17"]
[Round "10"]
[White "Schröder, Kevin"]
[Black "Lagunow, Raphael"]
[Result "1-0"]
[Termination "normal"]
[Board "1"]
[WhiteElo "1954"]
[BlackElo "1711"]
[PlyCount "109"]
[WhiteFideId "12929840"]
[BlackFideId "24652644"]
[EventCountry "GER"]
[EventRounds "11"]
[EventType "swiss"]
[EventDate "2011.06.11"]

1. d4 Nf6 2. c4 c5 3. d5 b5 4. cxb5 a6 5. bxa6 d6 6. Nc3 Bxa6 7. Nf3 g6 8. g3
Bg7 9. Bg2 O-O 10. O-O Nbd7 11. Qc2 Qa5 12. Rd1 Rfb8 13. Rb1 Ng4 14. Bd2 Nge5
15. Nxe5 Nxe5 16. b3 Bc8 17. a4 Bf5 18. Be4 Bxe4 19. Nxe4 Qa6 20. Nc3 Nd7 21.
Nb5 Rc8 22. Qe4 Kf8 23. Qh4 h5 24. Bc3 Bxc3 25. Nxc3 Nf6 26. e4 Qa5 27. Rdc1
Qb4 28. Qf4 Qd4 29. Rc2 Qd3 30. Rbc1 Rcb8 31. Rd2 Qa6 32. Nb5 Qb6 33. e5 Ng8
34. exd6 exd6 35. Nxd6 Ra7 36. Nb5 Rd7 37. Qc4 Rc8 38. b4 Ne7 39. bxc5 Qa5 40.
Qd4 Kg8 41. d6 Nc6 42. Qd5 Qxa4 43. Nd4 Qa3 44. Rdd1 Nxd4 45. Qxd4 Qa6 46. Qe4
Qc6 47. Qxc6 Rxc6 48. Kg2 Kg7 49. Kf3 Kf6 50. Ke4 Ke6 51. Kd4 Rd8 52. Re1+ Kd7
53. Kd5 Ra6 54. Re7+ Kc8 55. Rb1 1-0

[Event "DEM U12 2011"]
[Site "Oberhof GER"]
[Date "2011.06.17"]
[Round "10"]
[White "Kollars, Dmitrij"]
[Black "Höglauer, Patrick"]
[Result "1/2-1/2"]
[Termination "normal"]
[Board "2"]
[WhiteElo "1830"]
[BlackElo "1764"]
[PlyCount "111"]
[WhiteFideId "12909572"]
[BlackFideId "1270548"]
[EventCountry "GER"]
[EventRounds "11"]
[EventType "swiss"]
[EventDate "2011.06.11"]

1. e4 c5 2. Nf3 e6 3. d4 cxd4 4. Nxd4 a6 5. Bd3 Nc6 6. Nxc6 dxc6 7. O-O e5 8.
Nd2 Nf6 9. Nc4 Qc7 10. a4 Be6 11. Qf3 Bc5 12. Be3 Bxe3 13. Qxe3 Bxc4 14. Bxc4
O-O 15. Rfd1 b5 16. Bb3 Rfd8 17. c3 Rxd1+ 18. Rxd1 Rd8 19. Rd3 Rxd3 20. Qxd3
Qd7 21. Qxd7 Nxd7 22. axb5 axb5 23. f3 Nc5 24. Bc2 Kf8 25. Kf2 Ke7 26. Ke3 g5
27. g3 Kf6 28. h3 h5 29. f4 gxf4+ 30. gxf4 Ne6 31. fxe5+ Kg5 32. Bd1 Kh4 33.
Be2 Ng5 34. Kf4 Nxh3+ 35. Kf5 Ng5 36. Kf6 Nxe4+ 37. Kxf7 Kg5 38. e6 Nd6+ 39.
Kf8 h4 40. e7 Kf6 41. e8=Q Nxe8 42. Kxe8 Ke6 43. Kd8 Kd6 44. b3 h3 45. Bf3 h2
46. Bh1 Kc5 47. Kc7 b4 48. c4 Kd4 49. Kxc6 Kc3 50. Kd7 Kxb3 51. c5 Ka3 52. c6
b3 53. c7 b2 54. c8=Q b1=Q 55. Qa6+ Kb2 56. Qf6+ 1/2-1/2

[Event "DEM U12 2011"]
[Site "Oberhof GER"]
[Date "2011.06.17"]
[Round "10"]
[White "Perske, Thore"]
[Black "Baskin, Robert"]
[Result "0-1"]
[Termination "normal"]
[Board "3"]
[WhiteElo "1830"]
[BlackElo "1940"]
[PlyCount "130"]
[WhiteFideId "12902195"]
[BlackFideId "24662402"]
[EventCountry "GER"]
[EventRounds "11"]
[EventType "swiss"]
[EventDate "2011.06.11"]

1. e4 c5 2. Nc3 Nc6 3. Nge2 d6 4. g3 g6 5. Bg2 Bg7 6. O-O e6 7. d3 Nge7 8. Be3
Nd4 9. Qd2 O-O 10. Nd1 b6 11. c3 Ndc6 12. d4 cxd4 13. Nxd4 Ba6 14. Re1 Na5 15.
Bf1 Bxf1 16. Kxf1 d5 17. Bg5 dxe4 18. Bxe7 Qxe7 19. Rxe4 Qb7 20. f3 Rfd8 21.
Qf2 Bxd4 22. cxd4 Qa6+ 23. Qe2 Qxe2+ 24. Kxe2 Nc6 25. Ke3 f5 26. Rh4 Nb4 27.
Kd2 Rac8 28. Nc3 Rc4 29. Re1 Rcxd4+ 30. Rxd4 Rxd4+ 31. Ke2 Rd7 32. a3 Nc6 33.
Rc1 Nd4+ 34. Ke3 Nb3 35. Rc2 Rc7 36. Re2 a6 37. Re1 Rd7 38. Re2 Kf7 39. Rc2 Rc7
40. f4 b5 41. Kd3 Rc5 42. Na2 Rxc2 43. Kxc2 Nc5 44. Kc3 Na4+ 45. Kb3 Ke7 46.
Nb4 Nc5+ 47. Kc3 Kd6 48. Kd4 a5 49. Na2 Na6 50. b4 a4 51. Nc3 Nc7 52. h3 h6 53.
h4 h5 54. Nd1 Nd5 55. Nf2 Nb6 56. Nd1 Nc4 57. Ne3 Nxa3 58. Kc3 e5 59. fxe5+
Kxe5 60. Ng2 Kf6 61. Nf4 g5 62. Nd5+ Ke5 63. Nc7 gxh4 64. gxh4 f4 65. Kb2 f3
0-1

[Event "DEM U12 2011"]
[Site "Oberhof GER"]
[Date "2011.06.17"]
[Round "10"]
[White "Flüchter, Gregor"]
[Black "Böhning, Kilian"]
[Result "1-0"]
[Termination "normal"]
[Board "4"]
[WhiteElo "1822"]
[BlackElo "1708"]
[PlyCount "62"]
[WhiteFideId "12903396"]
[BlackFideId "1270499"]
[EventCountry "GER"]
[EventRounds "11"]
[EventType "swiss"]
[EventDate "2011.06.11"]

1. e4 d5 2. exd5 Qxd5 3. Nf3 Nf6 4. d4 Bg4 5. Be2 Nc6 6. h3 Bf5 7. c4 Qa5+ 8.
Bd2 Qb6 9. Bc3 a5 10. c5 Qa7 11. O-O O-O-O 12. Qc1 e6 13. Na3 Be4 14. Nb5 Qb8
15. Ne5 Nxe5 16. dxe5 Nd5 17. Bxa5 Qa8 18. Bxc7 Nxc7 19. Nd6+ Kb8 20. Nxe4 Nd5
21. Nd6 Bxd6 22. exd6 Rc8 23. a3 Rhd8 24. b4 Rxd6 25. Qg5 Rd7 26. Qxg7 Rdc7 27.
Bf3 f6 28. Qg3 Qa6 29. Bxd5 exd5 30. Rfd1 Rd8 31. Rac1 Qxa3 1-0

[Event "DEM U12 2011"]
[Site "Oberhof GER"]
[Date "2011.06.17"]
[Round "10"]
[White "Péczely, Sebastian Zsomber"]
[Black "Graf, Clara Victoria"]
[Result "1-0"]
[Termination "normal"]
[Board "5"]
[WhiteElo "1967"]
[BlackElo "1710"]
[PlyCount "71"]
[WhiteFideId "750964"]
[BlackFideId "1270339"]
[EventCountry "GER"]
[EventRounds "11"]
[EventType "swiss"]
[EventDate "2011.06.11"]

1. e4 c5 2. Nf3 Nc6 3. d4 cxd4 4. Nxd4 g6 5. c4 Bg7 6. Be3 Nf6 7. Nc3 O-O 8.
Be2 d6 9. O-O Bd7 10. f3 Nxd4 11. Bxd4 Bc6 12. Nd5 Nd7 13. Bxg7 Kxg7 14. Qd4+
Kg8 15. Kh1 a5 16. Rad1 Nc5 17. f4 Nxe4 18. Qxe4 e6 19. f5 exd5 20. cxd5 Re8
21. Qf3 Bd7 22. Bd3 Qe7 23. Qg3 Qe5 24. Rf4 Qg7 25. Rdf1 Rf8 26. f6 Qh8 27. Rh4
Be8 28. Rh6 Rc8 29. h3 Rc5 30. Qg5 b5 31. Rf4 Rc1+ 32. Kh2 Rd1 33. Rfh4 Rxd3
34. Rxh7 Qxh7 35. Rxh7 Rxd5 36. Rh8+ 1-0

[Event "DEM U12 2011"]
[Site "Oberhof GER"]
[Date "2011.06.17"]
[Round "10"]
[White "Ovsepyan, Arshak"]
[Black "Bergauz, Noam"]
[Result "1-0"]
[Termination "normal"]
[Board "6"]
[WhiteElo "1950"]
[BlackElo "1591"]
[PlyCount "103"]
[WhiteFideId "24690236"]
[BlackFideId "12938033"]
[EventCountry "GER"]
[EventRounds "11"]
[EventType "swiss"]
[EventDate "2011.06.11"]

1. d4 Nf6 2. Bf4 g6 3. Nf3 Bg7 4. e3 O-O 5. Bd3 d6 6. h3 c5 7. Nc3 a6 8. a4 Nc6
9. dxc5 dxc5 10. O-O Nd5 11. Nxd5 Qxd5 12. c3 Bf5 13. Bxf5 Qxf5 14. Qe2 e5 15.
Bh2 e4 16. Nd2 Qe6 17. Qc4 Qxc4 18. Nxc4 Rfe8 19. Rfd1 f5 20. Bd6 b5 21. Nb6
Rad8 22. axb5 axb5 23. Bxc5 Ne5 24. Rxd8 Rxd8 25. Ra8 Rxa8 26. Nxa8 Nc4 27. Bd4
Bf8 28. Nc7 b4 29. cxb4 Bxb4 30. Nd5 Bd6 31. Kf1 Kf7 32. Ke2 Ke6 33. Nb6 Na5
34. Kd2 Nc6 35. Kc3 Bb4+ 36. Kc4 Be1 37. f4 Nxd4 38. Kxd4 Kd6 39. Nc4+ Kc6 40.
Ne5+ Kd6 41. b3 Bb4 42. Nc4+ Ke6 43. Nb6 Kd6 44. Nd5 Bd2 45. b4 Be1 46. b5 Bd2
47. Kc4 Bc1 48. g4 h6 49. gxf5 gxf5 50. b6 Kc6 51. Ne7+ Kxb6 52. Nxf5 1-0

[Event "DEM U12 2011"]
[Site "Oberhof GER"]
[Date "2011.06.17"]
[Round "10"]
[White "Scholz, Robert"]
[Black "Dürr, Florian"]
[Result "1/2-1/2"]
[Termination "normal"]
[Board "7"]
[WhiteElo "1643"]
[BlackElo "1819"]
[PlyCount "140"]
[WhiteFideId "1270301"]
[BlackFideId "24659134"]
[EventCountry "GER"]
[EventRounds "11"]
[EventType "swiss"]
[EventDate "2011.06.11"]

1. e4 e6 2. d4 d5 3. exd5 exd5 4. Nf3 Bd6 5. c4 dxc4 6. Bxc4 Nf6 7. O-O O-O 8.
Nc3 Nbd7 9. Bg5 Nb6 10. Bd3 h6 11. Bh4 c6 12. Bc2 Be7 13. Ne5 g6 14. Re1 Nfd5
15. Bxe7 Nxe7 16. Ng4 Kg7 17. h3 h5 18. Ne3 Be6 19. Ne4 Bd5 20. Nc3 Qc7 21. Qd3
Rfe8 22. Re2 Ng8 23. Rae1 Nf6 24. a4 Rad8 25. Bb1 Be4 26. Nxe4 Rxe4 27. a5 Nc8
28. a6 Rexd4 29. Qa3 b6 30. Qc3 Qd7 31. Nc4 Qd5 32. Ne5 c5 33. Qg3 h4 34. Qc3
Nd6 35. f3 Nb5 36. Qc2 Rd2 37. Rxd2 Qxd2 38. Qxd2 Rxd2 39. Bd3 Nc7 40. Ra1 Nfd5
41. Bf1 Nb4 42. b3 Rb2 43. Kh2 f6 44. Nc4 Rxb3 45. Nd6 Rb2 46. Nc8 Ra2 47. Rd1
Nbxa6 48. Nxa7 Nb8 49. Nc8 Rb2 50. Rd6 b5 51. Rb6 Nba6 52. Nd6 c4 53. Bxc4 Rb4
54. Bxb5 Nc5 55. Rb8 f5 56. Kg1 Kf6 57. Rb6 Ke5 58. Nc4+ Kd4 59. Nd6 Na4 60.
Rb7 Nxb5 61. Rxb5 Rxb5 62. Nxb5+ Ke3 63. Nc7 Nc3 64. Ne6 Ne2+ 65. Kf1 Nd4 66.
Nxd4 Kxd4 67. Ke2 f4 68. Kd2 g5 69. Ke2 Kc3 70. Ke1 Kd3 1/2-1/2

[Event "DEM U12 2011"]
[Site "Oberhof GER"]
[Date "2011.06.17"]
[Round "10"]
[White "Vogel, Roven"]
[Black "Pallas, Sebastian"]
[Result "1-0"]
[Termination "normal"]
[Board "8"]
[WhiteElo "1759"]
[BlackElo "1813"]
[PlyCount "41"]
[WhiteFideId "12908088"]
[BlackFideId "12905453"]
[EventCountry "GER"]
[EventRounds "11"]
[EventType "swiss"]
[EventDate "2011.06.11"]

1. e4 c5 2. Nf3 d6 3. d4 cxd4 4. Nxd4 Nf6 5. f3 a6 6. c4 e6 7. Nc3 Nbd7 8. Be3
Be7 9. Be2 Qc7 10. O-O O-O 11. Qd2 Ne5 12. Rac1 Rd8 13. Rfd1 Bd7 14. Bg5 Rac8
15. b3 Bc6 16. Kh1 Qb8 17. Bf1 h6 18. Be3 Ng6 19. Qf2 Nd7 20. g3 Nc5 21. b4 1-0

[Event "DEM U12 2011"]
[Site "Oberhof GER"]
[Date "2011.06.17"]
[Round "10"]
[White "Schmekel, Florian"]
[Black "Mager, Denis"]
[Result "0-1"]
[Termination "normal"]
[Board "9"]
[WhiteElo "1544"]
[BlackElo "1741"]
[PlyCount "70"]
[WhiteFideId "12913456"]
[BlackFideId "24691127"]
[EventCountry "GER"]
[EventRounds "11"]
[EventType "swiss"]
[EventDate "2011.06.11"]

1. d4 d5 2. Nf3 c6 3. Bf4 Nf6 4. e3 e6 5. c4 Bd6 6. Bxd6 Qxd6 7. Nc3 Nbd7 8.
cxd5 exd5 9. Bd3 O-O 10. O-O Re8 11. Qc2 Qe7 12. Rab1 Ne4 13. Bxe4 dxe4 14. Nd2
f5 15. d5 Ne5 16. dxc6 Nxc6 17. Nd5 Qf7 18. Nf4 g5 19. Nh3 h6 20. a3 Be6 21.
Kh1 Rac8 22. Qd1 Red8 23. Qe2 Rd3 24. f4 Rcd8 25. Rfd1 Qd7 26. fxg5 hxg5 27.
Nxg5 Bb3 28. Qh5 Na5 29. Ngxe4 fxe4 30. Qe5 Bxd1 31. Nxe4 Qf7 32. Qg5+ Kf8 33.
Qh6+ Ke8 34. Qf4 Qxf4 35. exf4 Re3 0-1

[Event "DEM U12 2011"]
[Site "Oberhof GER"]
[Date "2011.06.17"]
[Round "10"]
[White "Sieber, Fiona"]
[Black "Riehle, Marco"]
[Result "1-0"]
[Termination "normal"]
[Board "10"]
[WhiteElo "1689"]
[BlackElo "1747"]
[PlyCount "77"]
[WhiteFideId "12902373"]
[BlackFideId "12904392"]
[EventCountry "GER"]
[EventRounds "11"]
[EventType "swiss"]
[EventDate "2011.06.11"]

1. c4 c5 2. Nc3 Nf6 3. g3 d5 4. cxd5 Nxd5 5. Bg2 e6 6. Nf3 Nc6 7. O-O Be7 8. d3
O-O 9. a3 Bf6 10. Ne4 Be7 11. Qc2 b6 12. Bd2 Bb7 13. Rac1 Rc8 14. Qb3 Nf6 15.
Nc3 Nd4 16. Nxd4 cxd4 17. Bxb7 Rb8 18. Bg2 dxc3 19. Bxc3 Nd5 20. Be5 Bd6 21.
Bxd6 Qxd6 22. Rc4 Rbd8 23. Rfc1 f5 24. Rc6 Qe5 25. e3 g5 26. d4 Qf6 27. Bxd5
Rxd5 28. Qd3 f4 29. Rc7 Qh6 30. e4 fxg3 31. hxg3 Rdd8 32. e5 Kh8 33. Kg2 g4 34.
Rh1 Rxf2+ 35. Kg1 Rf1+ 36. Qxf1 Qe3+ 37. Qf2 Qxf2+ 38. Kxf2 Rf8+ 39. Kg2 1-0

[Event "DEM U12 2011"]
[Site "Oberhof GER"]
[Date "2011.06.17"]
[Round "10"]
[White "Greßmann, Moritz"]
[Black "Schmidt, Tobias"]
[Result "1-0"]
[Termination "normal"]
[Board "11"]
[WhiteElo "1738"]
[BlackElo "1580"]
[PlyCount "119"]
[WhiteFideId "24695084"]
[BlackFideId "1271683"]
[EventCountry "GER"]
[EventRounds "11"]
[EventType "swiss"]
[EventDate "2011.06.11"]

1. c4 c5 2. Nc3 e5 3. g3 g6 4. Bg2 Bg7 5. d3 Nc6 6. Nf3 Nge7 7. O-O O-O 8. Bd2
d6 9. Rb1 Be6 10. a3 a5 11. b3 Qd7 12. Nb5 h6 13. Ne1 f5 14. e3 Kh7 15. Bc3 Rf7
16. d4 cxd4 17. exd4 exd4 18. Bxd4 Nxd4 19. Nxd4 Bxd4 20. Qxd4 Nc6 21. Qd2 Qc7
22. Nd3 Re7 23. Nf4 Bf7 24. Bd5 Rae8 25. Bxf7 Rxf7 26. Rbd1 Rd7 27. Nd5 Qd8 28.
Qc3 Rf7 29. Rfe1 Re5 30. f4 Rxe1+ 31. Rxe1 h5 32. Re6 Kh6 33. Kf1 Ne7 34. Nxe7
Rxe7 35. Qf6 Rxe6 36. Qxd8 Kg7 37. Qxa5 Kf6 38. Qc3+ Kf7 39. a4 Ke7 40. Qg7+
Ke8 41. Qxb7 Re7 42. Qc6+ Kf7 43. Qxd6 Re6 44. Qd5 Kf6 45. c5 Re7 46. c6 Kg7
47. Qe5+ Rxe5 48. fxe5 Kf7 49. c7 Ke6 50. c8=Q+ Kxe5 51. Ke2 Kf6 52. Qc5 Ke6
53. Ke3 Kf6 54. Qd6+ Kf7 55. Kf4 Kg7 56. Kg5 Kf7 57. Qf6+ Ke8 58. Qg7 f4 59.
Kf6 Kd8 60. Ke6 1-0

[Event "DEM U12 2011"]
[Site "Oberhof GER"]
[Date "2011.06.17"]
[Round "10"]
[White "Rempe, Moritz"]
[Black "Balazs, Balint"]
[Result "0-1"]
[Termination "normal"]
[Board "12"]
[WhiteElo "1784"]
[BlackElo "1587"]
[PlyCount "122"]
[WhiteFideId "12906867"]
[BlackFideId "12922757"]
[EventCountry "GER"]
[EventRounds "11"]
[EventType "swiss"]
[EventDate "2011.06.11"]

1. e4 d5 2. exd5 Qxd5 3. Nc3 Qa5 4. d4 Nf6 5. Bd2 Qb6 6. Nf3 Bg4 7. h3 Bh5 8.
Bd3 e6 9. Qe2 c6 10. Na4 Bxf3 11. Nxb6 Bxe2 12. Nxa8 Bxd3 13. cxd3 Bd6 14. a3
Na6 15. Bb4 Bxb4+ 16. axb4 Kd7 17. b5 cxb5 18. Nb6+ axb6 19. Kd2 Ke7 20. Rhc1
Rd8 21. Ke3 Nd5+ 22. Ke4 f5+ 23. Kf3 Nab4 24. Ra7 Rd7 25. g3 Nc6 26. Ra8 Nxd4+
27. Kg2 Nc6 28. Rd1 Na5 29. Rh8 h6 30. Rc8 Nc6 31. Ra8 Ndb4 32. Ra3 Nd4 33. Kf1
Nf3 34. Rb3 Nc2 35. Rxb5 Rd6 36. Rb3 Kd7 37. Rc3 Ncd4 38. Kg2 Ne5 39. f4 Nec6
40. Kf2 e5 41. Re1 exf4 42. gxf4 Nb5 43. Rb3 Ncd4 44. Rb4 Nc7 45. Rc4 Nb3 46.
Rd1 Nc5 47. d4 N5e6 48. Rc3 Nxf4 49. Rf3 g5 50. h4 Nce6 51. hxg5 hxg5 52. d5
Nc5 53. b4 Ne4+ 54. Ke1 Ng2+ 55. Kf1 g4 56. Rfd3 Nf4 57. Rd4 Nc3 58. Rxf4 Nxd1
59. Ke1 Ne3 60. Kf2 Nxd5 61. Rxf5 Rf6 0-1

[Event "DEM U12 2011"]
[Site "Oberhof GER"]
[Date "2011.06.17"]
[Round "10"]
[White "Scheinhütte, Jakob"]
[Black "Reimers, Juri"]
[Result "0-1"]
[Termination "normal"]
[Board "13"]
[WhiteElo "1587"]
[BlackElo "1675"]
[PlyCount "56"]
[WhiteFideId "24693944"]
[BlackFideId "24661511"]
[EventCountry "GER"]
[EventRounds "11"]
[EventType "swiss"]
[EventDate "2011.06.11"]

1. e4 d5 2. exd5 Qxd5 3. Nc3 Qa5 4. Nf3 Nf6 5. d4 c6 6. Ne5 Bf5 7. Bd2 Qb6 8.
Bc4 e6 9. Bc1 Bd6 10. O-O O-O 11. Bb3 Qc7 12. Re1 Nbd7 13. Qe2 Rfe8 14. h3 Nd5
15. Bd2 N7f6 16. Kh1 Rad8 17. Rf1 Nxc3 18. Bxc3 Ne4 19. Qe3 c5 20. f4 cxd4 21.
Bxd4 Bc5 22. Bxc5 Qxc5 23. Qe1 Rd2 24. g4 Bg6 25. Nxg6 Qc6 26. Kg1 hxg6 27. Qe3
Red8 28. c3 R8d3 0-1

[Event "DEM U12 2011"]
[Site "Oberhof GER"]
[Date "2011.06.17"]
[Round "10"]
[White "Petrashov, Alexander"]
[Black "Hartmann, Jakob"]
[Result "1-0"]
[Termination "normal"]
[Board "14"]
[WhiteElo "1644"]
[BlackElo "1567"]
[PlyCount "103"]
[WhiteFideId "24662461"]
[BlackFideId "12918067"]
[EventCountry "GER"]
[EventRounds "11"]
[EventType "swiss"]
[EventDate "2011.06.11"]

1. e4 d5 2. exd5 Qxd5 3. Nc3 Qd6 4. g3 Nf6 5. Bg2 c6 6. Nge2 Bf5 7. d3 e6 8.
O-O Qc7 9. Nd4 Bg6 10. Qe2 Nbd7 11. Re1 Bd6 12. Be3 O-O 13. Rad1 Rfe8 14. h3
Re7 15. Bg5 Rd8 16. Ne4 Be5 17. c3 h6 18. Be3 Ree8 19. f4 Bd6 20. Nxd6 Qxd6 21.
Nf3 Nc5 22. d4 Nce4 23. g4 Ng3 24. Qc4 Nd5 25. Ne5 Be4 26. Bf2 Bxg2 27. Kxg2
Nxf4+ 28. Kxg3 Nd5 29. Qc5 Qc7 30. c4 f6 31. cxd5 Rxd5 32. Qc3 fxe5 33. dxe5 b6
34. Rxd5 exd5 35. Kg2 c5 36. Qe3 Qc6 37. Kg1 Qa4 38. a3 Qc2 39. Re2 Qd1+ 40.
Kg2 d4 41. Qe4 Qb3 42. Qc6 Re6 43. Qe4 Qb5 44. Bg3 d3 45. Rf2 c4 46. Qf3 Qe8
47. Qd5 Qc8 48. b3 c3 49. Qxd3 Rc6 50. Rc2 Qb7 51. Qd5+ Kh7 52. Rxc3 1-0

[Event "DEM U12 2011"]
[Site "Oberhof GER"]
[Date "2011.06.17"]
[Round "10"]
[White "Köhn, Lennart"]
[Black "Nothnagel, Marian Can"]
[Result "0-1"]
[Termination "normal"]
[Board "15"]
[WhiteElo "1554"]
[BlackElo "1613"]
[PlyCount "74"]
[WhiteFideId "12938041"]
[BlackFideId "12921530"]
[EventCountry "GER"]
[EventRounds "11"]
[EventType "swiss"]
[EventDate "2011.06.11"]

1. e4 e5 2. Nf3 d6 3. d4 exd4 4. Nxd4 Nf6 5. Nc3 Be7 6. f3 O-O 7. Be3 Re8 8.
Qd2 Bf8 9. O-O-O c6 10. g4 b5 11. h4 a5 12. h5 b4 13. Nce2 Kh8 14. g5 Nfd7 15.
g6 f6 16. h6 hxg6 17. hxg7+ Kxg7 18. Bh6+ Kf7 19. Bxf8 Nxf8 20. Ng3 d5 21. Nb3
a4 22. Nc5 Qb6 23. Qd4 Ra5 24. Nb3 c5 25. Nxc5 Qxc5 26. Qxd5+ Qxd5 27. exd5 Re5
28. d6 Ba6 29. Bxa6 Rxa6 30. Ne4 Nbd7 31. Rd4 b3 32. a3 bxc2 33. Kxc2 Rf5 34.
Rf1 g5 35. Kd2 Ne6 36. Rb4 Rd5+ 37. Kc3 f5 0-1